La Princesa de España madrina de la primera flotilla de lanchas de la Cruz Roja
Publicado:
San Jorge, núm. 86 - 87 (2n i 3r trimestre 1972), pàg 130 :
MARC
| LEADER | 00000nam a2200000Ia 4500 | ||
|---|---|---|---|
| 001 | |||
| 008 | 160829s9999 xx 000 0 cat d | ||
| 245 | |a La Princesa de España madrina de la primera flotilla de lanchas de la Cruz Roja | ||
| 260 | |a San Jorge, núm. 86 - 87 (2n i 3r trimestre 1972), pàg 130 | ||
| 600 | 0 | 0 | |a Sofia, |c reina, consort de Joan Carles I, rei d'Espanya, |d 1938- |9 54273 |
| 610 | 2 | 0 | |a Creu Roja Espanyola |9 55245 |
| 901 | |a Arxiu | ||
| 942 | |n 1 | ||
| 952 | |0 0 |1 0 |4 0 |7 1 |9 47439 |a Arxiu |b Arxiu |d 2016-12-01 |l 0 |r 2016-12-01 00:00:00 |w 2016-12-01 |y ARXIU | ||
| 999 | |c 51237 |d 51237 | ||